000 00718nam a2200217Ii 4500
003 JO-AjNU
008 230605s9999||||xx |||||||||||||| ||und||
017 _a1992/10/739
040 _aJO-AjNU
_bara
_erda
_cJO-AjNU
041 _aara
050 1 4 _aJS7499.J65.G4.1994
100 3 _a غزوي ، محمد سليم محمد ,
_eauthor
_940744
245 0 0 _aنظريات الادارة المحلية في المملكة الاردنية الهاشمية
250 _aط1
264 3 1 _aعمان : د.ن ،1992
300 _a175ص
336 _atext
_btxt
_2rdacontent
337 _aunmediated
_bn
_2rdamedia
338 _avolume
_bnc
_2rdacarrier
650 4 _aالادارة المحلية -- الاردن
_940745
999 _aA17316
_c20884
_d20884